Central Library OPAC University of Rajshahi

Appraisal of investment projects by discounted cash flow : (Record no. 75729)

MARC details
000 -LEADER
fixed length control field 00892nam a2200265 a 4500
001 - CONTROL NUMBER
control field 75729
003 - CONTROL NUMBER IDENTIFIER
rucl marc code BD-RjUL
005 - DATE AND TIME OF LATEST TRANSACTION
control field 20211209082731.0
008 - FIXED-LENGTH DATA ELEMENTS--GENERAL INFORMATION
fixed length control field 190529s19691967enk 000 0 swe
035 ## - SYSTEM CONTROL NUMBER
System control number (BD-RjUL)75948
040 ## - CATALOGING SOURCE
Original cataloging agency DLC
Transcribing agency CarP
Modifying agency DLC
Language of cataloging eng
Description conventions BD-RjUL
041 ## - LANGUAGE CODE
Language code of text/sound track or separate title eng
082 ## - DEWEY DECIMAL CLASSIFICATION NUMBER
Edition number 23
Classification number 658.152
Author mark and year ALA 1969
100 1# - MAIN ENTRY--PERSONAL NAME
Personal name Alfred, A. M.
Fuller form of name (Arnold Montague)
9 (RLIN) 231974
245 10 - TITLE STATEMENT
Title Appraisal of investment projects by discounted cash flow :
Remainder of title principles and some short cut techniques /
Statement of responsibility, etc. by A.M. Alfred and J.B. Evans.
250 ## - EDITION STATEMENT
Edition statement 2nd ed.
260 ## - PUBLICATION, DISTRIBUTION, ETC. (IMPRINT)
Place of publication, distribution, etc. London :
Name of publisher, distributor, etc. Chapman & Hall,
Date of publication, distribution, etc. c1967, [reprinted 1969]
300 ## - PHYSICAL DESCRIPTION
Pagination 71p. :
Illustrations ill.;
Size 25 cm.
650 #0 - SUBJECT ADDED ENTRY--TOPICAL TERM
Topical term or geographic name as entry element Corporations
General subdivision Accounting.
9 (RLIN) 231975
Topical term or geographic name as entry element Cash flow.
9 (RLIN) 231976
700 1# - ADDED ENTRY--PERSONAL NAME
Personal name Evans, J. B.
Fuller form of name (John Bryan)
942 ## - ADDED ENTRY ELEMENTS (KOHA)
Source of classification or shelving scheme Dewey Decimal Classification
Koha item type Books
Holdings
Lost status Source of classification or shelving scheme Damaged status Not for loan Collection code Permanent Location Current Location Shelving location Date acquired Source of acquisition Cost, normal purchase price Total Checkouts Full call number Date last seen Copy number Koha item type
  Dewey Decimal Classification   Not For Loan Non-fiction Central Library, University of Rajshahi Central Library, University of Rajshahi Reading Room 27/12/1969 Zeitlinger 0.21   658.152 ALA 1969 29/05/2019 C-1 Books